Every Song by Rage Against the Machine - Statistics

General Stats
  • This quiz has been taken 37 times
    34 since last reset
  • The average score is 16 of 43
Answer Stats
Album Song % Correct
Rage Against the Machine(1992) Killing in the Name
100%
Rage Against the Machine(1992) Bombtrack
79%
Evil Empire(1996) Bulls on Parade
79%
The Battle of Los Angeles(1999) Guerilla Radio
67%
Rage Against the Machine(1992) Bullet in the Head
63%
The Battle of Los Angeles(1999) Sleep Now in the Fire
58%
Rage Against the Machine(1992) Take the Power Back
58%
Rage Against the Machine(1992) Wake Up
58%
Rage Against the Machine(1992) Know Your Enemy
54%
Rage Against the Machine(1992) Freedom
50%
Evil Empire(1996) People of the Sun
50%
The Battle of Los Angeles(1999) Testify
50%
Rage Against the Machine(1992) Fistful of Steel
46%
Evil Empire(1996) Vietnow
46%
The Battle of Los Angeles(1999) Calm Like a Bomb
42%
Evil Empire(1996) Down Rodeo
42%
The Battle of Los Angeles(1999) Maria
42%
Evil Empire(1996) Year of the Boomerang
42%
The Battle of Los Angeles(1999) Mic Check
38%
Rage Against the Machine(1992) Settle for Nothing
38%
Rage Against the Machine(1992) Township Rebellion
38%
The Battle of Los Angeles(1999) Voice of the Voiceless
38%
The Battle of Los Angeles(1999) New Millennium Homes
33%
Evil Empire(1996) Snakecharmer
33%
The Battle of Los Angeles(1999) Ashes in the Fall
29%
The Battle of Los Angeles(1999) Born of a Broken Man
29%
Evil Empire(1996) Revolver
29%
The Battle of Los Angeles(1999) Born as Ghosts
25%
Live & Rare(1998) Darkness
25%
Evil Empire(1996) Roll Right
25%
The Battle of Los Angeles(1999) War Within a Breath
25%
Evil Empire(1996) Wind Below
25%
Rage Against the Machine(1991) Darkness of Greed
21%
The Battle of Los Angeles(Bonus)(1999) No Shelter
21%
Evil Empire(1996) Tire Me
21%
Rage Against the Machine(1991) Clear the Lane
17%
Rage Against the Machine(1991) The Narrows
17%
Evil Empire(1996) Without a Face
17%
Live & Rare(1998) Zapata's Blood
17%
Rage Against the Machine(1991) Auto Logic
13%
Rage Against the Machine(1991) Mindset's a Threat
13%
Live at the Grand Olympic Auditorium(Bonus)(2003) Microphone Fiend
8%
Live at the Grand Olympic Auditorium(Bonus)(2003) Beautiful World
4%
No matching quizzes found
Score Distribution
Percent of People with Each Score
Percentile by Number Answered
Your Score History
You have not taken this quiz since the last reset